Fioletowe, niebieskie i czarne owoce i warzywa - Statystyki

Ogólne statystyki
  • Ten quiz został rozwiązany 201 razy
    156 od ostatniego zresetowania
  • Średni wynik to 6 z 13
Statystyki odpowiedzi
Hint Odpowiedź % Poprawnych
Borówka
82%
Śliwka
81%
Jagoda
80%
Również zielone i czerwone Winogrono
74%
Może być też czerwona, biała... Porzeczka
71%
Bakłażan
62%
Jeżyna
59%
U nas suszona Figa
41%
Aronia
35%
Męczennica jadalna Marakuja
23%
Również zielona Oliwka
21%
Czarny bez
14%
Czapetka
4%
Nie znaleziono quizów pasujących do podanych kryteriów
Rozkład punktacji
Procent ludzi z każdym wynikiem
Percentyl według liczby udzielonych odpowiedzi
Twoja historia wyników
Nie rozwiązałeś tego quizu od ostatniego zresetowania